000
00323nam a22001457a 4500
003
SGT
020
_a
97815-43343-16-8
082
_a
570
_b
DWI
100
_a
DEIVEDI, DR. SUMEET
245
_a
CELL AND MALECULAR BIOLOGY
260
_a
INDIA
_b
PEE VEE PUB.
_c
2019
300
_a
220
650
_a
BIOLOGY
942
_2
ddc
_c
BK
999
_c
32443
_d
32443